<?xml version="1.0" encoding="UTF-8"?><OAI-PMH xmlns="http://www.openarchives.org/OAI/2.0/" xmlns:xsi="http://www.w3.org/2001/XMLSchema-instance"     xsi:schemaLocation="http://www.openarchives.org/OAI/2.0/ http://www.openarchives.org/OAI/2.0/OAI-PMH.xsd"><responseDate>2026-05-16T17:57:01Z</responseDate><request verb="GetRecord" identifier="oai:regmurcia.com:fintegr.775" metadataPrefix="marc21">http://oai.regmurcia.com/oai2/oai2.php</request><GetRecord><record><header><identifier>oai:regmurcia.com:fintegr.775</identifier><datestamp>2026-05-16</datestamp><setSpec>documentos</setSpec></header><metadata><record  xmlns="http://www.loc.gov/MARC21/slim" xmlns:xsi="http://www.w3.org/2001/XMLSchema-instance" xsi:schemaLocation="http://www.loc.gov/MARC21/slim http://www.loc.gov/standards/marcxml/schema/MARC21slim.xsd" type="Bibliographic"><leader>00000nam a2200000   4500</leader><controlfield tag="001" >005074790</controlfield><controlfield tag="003" >775</controlfield><controlfield tag="004" >A00000000</controlfield><datafield tag="245" ind1=" " ind2=" "><subfield code="a">Carta del concejo de Murcia a Alfonso Fajardo, alcaide y capitán de Lorca, exigiendo compensación por haber apresado injustamente a Alfonso Sánchez de Úbeda, vecino de Murcia.</subfield></datafield><datafield tag="300" ind1=" " ind2=" "><subfield code="c">300 x 220 mm</subfield></datafield><datafield tag="300" ind1=" " ind2=" "><subfield code="a">2 fol.</subfield></datafield><datafield tag="351" ind1=" " ind2=" "><subfield code="a">Unidad Documental simple</subfield><subfield code="c">Archivo de Murcia. Array</subfield><subfield code="a">Unidad Documental simple</subfield><subfield code="c">Archivo de Murcia. Array</subfield></datafield><datafield tag="351" ind1=" " ind2=" "><subfield code="b">Nº 52</subfield></datafield><datafield tag="506" ind1=" " ind2=" "><subfield code="a">Acceso restringido</subfield></datafield><datafield tag="520" ind1=" " ind2=" "><subfield code="a">El concejo de Murcia se dirige a Alfonso Fajardo, alcaide y capitán de la villa de Lorca, así como al concejo de esta ciudad, ordenando restituir a Alfonso Sánchez de Úbeda, vecino de Murcia, los 2.000 maravedís que hubo de pagar para recobrar la libertad al haber sido injustamente y sin ninguna razón apresado en Lorca. El concejo de Murcia había enviado varias cartas exigiendo su libertad, las cuales no obtuvieron respuesta.</subfield></datafield><datafield tag="583" ind1=" " ind2=" "><subfield code="u">http://www.regmurcia.com/servlet/s.Sl?METHOD=VERDOCUMENTO&amp;sit=serv,Carmesi&amp;n=/01/1234/indice.djvu</subfield></datafield><datafield tag="592" ind1=" " ind2=" "><subfield code="a">1449-08-23</subfield></datafield><datafield tag="592" ind1=" " ind2=" "><subfield code="d">1449-08-23 00:00:00</subfield></datafield><datafield tag="651" ind1=" " ind2=" "><subfield code="a">Murcia</subfield></datafield><datafield tag="786" ind1=" " ind2=" "><subfield code="o">http://www.regmurcia.com/servlet/s.Sl?METHOD=VERDOCUMENTO&amp;sit=serv,Carmesi&amp;n=/01/1234/indice.djvu</subfield></datafield><datafield tag="856" ind1=" " ind2=" "><subfield code="u">http://www.regmurcia.com/servlet/s.Sl?METHOD=DETALLE&amp;sit=c,373,m,139,serv,Carmesi&amp;id=775</subfield></datafield></record></metadata></record></GetRecord></OAI-PMH>
